[Event "Blankenese op 3rd"]
[Site "Hamburg"]
[Date "2019.10.03"]
[Round "2"]
[White "Kemeny, Matthias"]
[Black "Knauer, Frank"]
[Result "1-0"]
[WhiteElo "1934"]
[BlackElo "1755"]
[PlyCount "78"]
[EventDate "2019.10.03"]
[EventType "swiss"]
[EventRounds "7"]
[EventCountry "GER"]
[SourceTitle "EXT 2023"]
[Source "ChessBase"]
[SourceDate "2022.10.05"]
[SourceVersion "1"]
[SourceVersionDate "2022.10.05"]
[SourceQuality "1"]

1. e4 d6 2. d4 Nf6 3. Nc3 g6 4. Nf3 Bg7 5. Bd3 c6 6. 0-0 Nbd7 7. e5 dxe5 8. dxe5 Nd5 9. e6 fxe6 10. Ng5 N7f6 11. Qe2 Qd6 12. Nce4 Nxe4 13. Bxe4 0-0 14. Nxh7 Kxh7 15. Qh5+ Kg8 16. Bxg6 Nf6 17. Qh4 e5 18. Bg5 Qd4 19. Bxf6 Rxf6 20. Qh7+ Kf8 21. Rad1 Qb6 22. Rd3 Be6 23. Rg3 Bg8 24. Qh4 Qd4 25. Be4 Rd8 26. Qg4 Rf7 27. h4 Qd2 28. Bd3 Qh6 29. h5 Rf4 30. Qh3 Be6 31. Qh2 Bf5 32. Bxf5 Rxf5 33. Rh3 Rd2 34. g4 Rf4 35. Qg3 Qg5 36. f3 e4 37. h6 Bxh6 38. Rh5 Qg7 39. g5 Qd4+ 1-0

[Event "Hamburg-ch MA"]
[Site "Hamburg"]
[Date "2019.06.13"]
[Round "6"]
[White "Reddmann, Hauke"]
[Black "Kemeny, Matthias"]
[Result "1-0"]
[WhiteElo "2256"]
[BlackElo "1961"]
[PlyCount "85"]
[EventDate "2019.06.08"]
[EventType "swiss"]
[EventRounds "9"]
[EventCountry "GER"]
[SourceTitle "EXT 2022"]
[Source "ChessBase"]
[SourceDate "2021.10.06"]
[SourceVersion "1"]
[SourceVersionDate "2021.10.06"]
[SourceQuality "1"]

1. d4 Nf6 2. Bg5 g6 3. Bxf6 exf6 4. c4 d6 5. Nc3 Bg7 6. g3 c6 7. Bg2 0-0 8. e3 f5 9. Nge2 Nd7 10. 0-0 Nf6 11. b4 d5 12. cxd5 cxd5 13. Qb3 Be6 14. Rfc1 Qd7 15. Rc2 Rfc8 16. Rac1 Ne4 17. Nf4 Nxc3 18. Rxc3 Rxc3 19. Rxc3 Rd8 20. Qc2 Qd6 21. b5 Bh6 22. Nd3 b6 23. a4 g5 24. f4 f6 25. Rc6 Qe7 26. Kf2 Bf7 27. Rc7 Rd7 28. Rxd7 Qxd7 29. Qc6 Qd8 30. Nb4 Bf8 31. Nxd5 Kg7 32. Nc3 h5 33. Bd5 Qe7 34. Bxf7 Qxf7 35. Nd5 Be7 36. Qd7 Ba3 37. Qxf5 gxf4 38. gxf4 Bf8 39. Kf3 Bd6 40. e4 Bb8 41. h3 Bd6 42. Qc8 Kh7 43. Qd8 1-0

[Event "Hamburg-ch MA"]
[Site "Hamburg"]
[Date "2019.06.12"]
[Round "5"]
[White "Kemeny, Matthias"]
[Black "Wenzel, Birger"]
[Result "1-0"]
[WhiteElo "1961"]
[BlackElo "2101"]
[PlyCount "53"]
[EventDate "2019.06.08"]
[EventType "swiss"]
[EventRounds "9"]
[EventCountry "GER"]
[SourceTitle "EXT 2022"]
[Source "ChessBase"]
[SourceDate "2021.10.06"]
[SourceVersion "1"]
[SourceVersionDate "2021.10.06"]
[SourceQuality "1"]

1. e4 c5 2. Nf3 d6 3. d4 cxd4 4. Nxd4 Nf6 5. Nc3 a6 6. f4 e5 7. Nf3 Nbd7 8. a4 Be7 9. Bd3 0-0 10. 0-0 exf4 11. Kh1 Nc5 12. Bxf4 Bg4 13. Qe1 Rc8 14. Bg5 Bh5 15. Nh4 Ne6 16. Bd2 Ng4 17. Nf5 Bg5 18. Nd5 Re8 19. Ba5 Qd7 20. Nb6 Qc6 21. Nxc8 Rxc8 22. Bd2 Bd8 23. Qg3 Ne5 24. Bb4 Bg6 25. Nxd6 Nxd3 26. cxd3 Bc7 27. Nxc8 1-0

[Event "Hamburg-ch MA"]
[Site "Hamburg"]
[Date "2019.06.08"]
[Round "1"]
[White "Kemeny, Matthias"]
[Black "Frackowiak, Oliver"]
[Result "1/2-1/2"]
[WhiteElo "1961"]
[BlackElo "2202"]
[PlyCount "100"]
[EventDate "2019.06.08"]
[EventType "swiss"]
[EventRounds "9"]
[EventCountry "GER"]
[SourceTitle "EXT 2022"]
[Source "ChessBase"]
[SourceDate "2021.10.06"]
[SourceVersion "1"]
[SourceVersionDate "2021.10.06"]
[SourceQuality "1"]

1. e4 d5 2. exd5 Qxd5 3. Nc3 Qa5 4. d4 Nf6 5. Bd2 Bg4 6. Nf3 Nc6 7. Be2 0-0-0 8. Ne4 Qb6 9. Nxf6 gxf6 10. Bc3 Bxf3 11. Bxf3 Nxd4 12. Bg4+ e6 13. 0-0 Rg8 14. Bh3 Nb3 15. Qh5 Nxa1 16. Qxf7 Bc5 17. Qxe6+ Kb8 18. Qxb6 Bxb6 19. Rxa1 Bd4 20. Bxd4 Rxd4 21. Bf5 h5 22. h3 h4 23. Re1 a6 24. Re7 Rg5 25. Bd3 Rf4 26. Kf1 Re5 27. Rh7 b5 28. a3 Kb7 29. f3 Kb6 30. b4 c5 31. bxc5+ Kxc5 32. Rc7+ Kb6 33. Rc3 a5 34. Kf2 Rc5 35. Rb3 Ra4 36. g3 hxg3+ 37. Kxg3 Re5 38. Bf1 b4 39. axb4 Rxb4 40. Rxb4+ axb4 41. h4 Kc5 42. Bd3 Kd4 43. Bg6 Ke3 44. Kg4 Rc5 45. Bf5 Rc4+ 46. Be4 Rc5 47. Bf5 Rd5 48. h5 Rd2 49. Kg3 Rf2 50. Be4 f5 1/2-1/2

[Event "Hamburg HSK Christmas op 4th"]
[Site "Hamburg"]
[Date "2018.12.27"]
[Round "2"]
[White "Hinrichs, Winfried"]
[Black "Kemeny, Matthias"]
[Result "0-1"]
[WhiteElo "1551"]
[BlackElo "1980"]
[PlyCount "86"]
[EventDate "2018.12.27"]
[EventType "swiss"]
[EventRounds "7"]
[EventCountry "GER"]
[SourceTitle "CBM 188 Extra"]
[Source "ChessBase"]
[SourceDate "2019.02.28"]
[SourceVersion "1"]
[SourceVersionDate "2019.02.28"]
[SourceQuality "1"]

1. e4 c6 2. d4 d5 3. exd5 cxd5 4. Bd3 Nc6 5. c3 Nf6 6. Nf3 Bg4 7. Bf4 e6 8. 0-0 Be7 9. Nbd2 0-0 10. h3 Bh5 11. Qc2 Bg6 12. Bxg6 hxg6 13. Rfe1 b5 14. Ne5 Nxe5 15. Bxe5 Bd6 16. Nf3 Ne4 17. Nd2 Nf6 18. Nf3 b4 19. c4 dxc4 20. Qxc4 Nd5 21. Bxd6 Qxd6 22. Rac1 a5 23. Ng5 a4 24. Ne4 Qf4 25. g3 Qb8 26. Qd3 Rc8 27. Rxc8+ Qxc8 28. Nc5 a3 29. Qb3 axb2 30. Qxb2 Ra3 31. Rc1 Qa8 32. Rc2 Qa5 33. Nb3 Qa6 34. Nc5 Qb5 35. Nb3 Qd3 36. Nc5 Qd1+ 37. Kg2 Qf3+ 38. Kg1 Rc3 39. Re2 Rc4 40. Ne4 Qd3 41. Nc5 Qd1+ 42. Kg2 Rc1 43. Kf3 f5 0-1

[Event "Hamburg-chT Landesliga 1819"]
[Site "Hamburg"]
[Date "2018.10.21"]
[Round "1.7"]
[White "Posske, Thore"]
[Black "Kemeny, Matthias"]
[Result "1-0"]
[WhiteElo "2003"]
[BlackElo "1995"]
[PlyCount "51"]
[EventDate "2018.10.21"]
[EventType "team-tourn"]
[EventRounds "9"]
[EventCountry "GER"]
[SourceTitle "EXT 2020"]
[Source "ChessBase"]
[SourceDate "2019.10.17"]
[SourceVersion "1"]
[SourceVersionDate "2019.10.17"]
[SourceQuality "1"]
[WhiteTeam "Hamburger SK IV"]
[BlackTeam "Grosshansdorf"]
[WhiteTeamCountry "GER"]
[BlackTeamCountry "GER"]

1. d4 Nf6 2. Nf3 g6 3. c4 Bg7 4. Nc3 d5 5. cxd5 Nxd5 6. Qb3 Nb6 7. e4 0-0 8. Be3 Bg4 9. 0-0-0 Nc6 10. d5 Ne5 11. Be2 Bd7 12. Nxe5 Bxe5 13. h4 Qe8 14. f4 Bg7 15. Rd2 Ba4 16. Qa3 Bd7 17. h5 c6 18. hxg6 hxg6 19. Bc5 Nc8 20. dxc6 Bxc6 21. Nd5 Bxd5 22. Qh3 f6 23. f5 Qc6 24. Qh7+ Kf7 25. Qxg6+ Kg8 26. Qh7+ 1-0

[Event "Blankenese op 1st"]
[Site "Hamburg"]
[Date "2017.10.03"]
[Round "1.41"]
[White "Kemeny, Matthias"]
[Black "Krueger, Dietrich"]
[Result "1-0"]
[WhiteElo "1903"]
[BlackElo "957"]
[PlyCount "107"]
[EventDate "2017.09.30"]
[EventType "swiss"]
[EventRounds "7"]
[EventCountry "GER"]
[SourceTitle "EXT 2020"]
[Source "ChessBase"]
[SourceDate "2019.10.17"]
[SourceVersion "1"]
[SourceVersionDate "2019.10.17"]
[SourceQuality "1"]

1. e4 Nc6 2. d4 d5 3. e5 a6 4. f4 h5 5. Nf3 Bg4 6. Be2 e6 7. 0-0 f6 8. c3 Qd7 9. b4 Nh6 10. Nh4 Qf7 11. h3 Bf5 12. Bxh5 g6 13. Be2 Be7 14. Nf3 Qg7 15. Be3 g5 16. exf6 Bxf6 17. fxg5 Bxh3 18. gxh3 Nf5 19. Bf4 Rxh3 20. Kg2 Rh5 21. Kf2 Bd8 22. Ne5 Rh4 23. Bh5+ Ke7 24. Ng6+ Kd7 25. Nxh4 Nxh4 26. Rg1 Be7 27. Ke1 Rf8 28. Be3 Bd6 29. Qe2 Nf5 30. Bf2 e5 31. Nd2 exd4 32. Kd1 dxc3 33. Nb3 Be5 34. a3 c2+ 35. Kxc2 Bxa1 36. Rxa1 Ncd4+ 37. Bxd4 Nxd4+ 38. Nxd4 Qxd4 39. Qg4+ Qxg4 40. Bxg4+ Kd6 41. g6 Rg8 42. Bf5 Rg7 43. Re1 d4 44. Kd3 c5 45. bxc5+ Kxc5 46. Re5+ Kc6 47. Kxd4 Kd6 48. Re6+ Kc7 49. Kc5 Kb8 50. Kb6 Rg8 51. Re7 Rf8 52. g7 Rf6+ 53. Be6 Rxe6+ 54. Rxe6 1-0

[Event "Blankenese op 1st"]
[Site "Hamburg"]
[Date "2017.10.01"]
[Round "3.29"]
[White "Kemeny, Matthias"]
[Black "Glueck, Ulrich"]
[Result "1-0"]
[WhiteElo "1966"]
[BlackElo "1755"]
[PlyCount "63"]
[EventDate "2017.09.30"]
[EventType "swiss"]
[EventRounds "7"]
[EventCountry "GER"]
[SourceTitle "EXT 2020"]
[Source "ChessBase"]
[SourceDate "2019.10.17"]
[SourceVersion "1"]
[SourceVersionDate "2019.10.17"]
[SourceQuality "1"]

1. e4 c5 2. Nf3 e6 3. d4 cxd4 4. Nxd4 Nc6 5. Be3 a6 6. Be2 Nf6 7. Bf3 Qc7 8. 0-0 Be7 9. Nxc6 bxc6 10. c4 0-0 11. Nc3 Rb8 12. b3 Bb7 13. Rc1 Rfd8 14. Qe2 Qa5 15. Na4 c5 16. e5 Bxf3 17. Qxf3 Ne8 18. Qg3 Qc7 19. f4 d5 20. cxd5 Rxd5 21. Nc3 Qa5 22. Nxd5 exd5 23. f5 d4 24. Bh6 Bf8 25. e6 Rb7 26. f6 fxe6 27. fxg7 Bxg7 28. Bxg7 Nxg7 29. Qf3 Nf5 30. Qxb7 Qd2 31. Qc8+ Kf7 32. Rce1 1-0

[Event "Lueneburg op-A"]
[Site "Lueneburg"]
[Date "2016.07.08"]
[Round "9"]
[White "Colbow, Collin"]
[Black "Kemeny, Matthias"]
[Result "0-1"]
[WhiteElo "1794"]
[BlackElo "1980"]
[PlyCount "154"]
[EventDate "2016.07.01"]
[EventType "swiss"]
[EventRounds "9"]
[EventCountry "GER"]
[SourceTitle "CBM 173 Extra"]
[Source "ChessBase"]
[SourceDate "2016.08.29"]
[SourceVersion "1"]
[SourceVersionDate "2016.08.29"]
[SourceQuality "1"]

1. e4 c6 2. d4 d5 3. e5 Bf5 4. Nd2 e6 5. Nb3 Nd7 6. Nf3 Ne7 7. Be2 Nc8 8. a4 a5 9. Be3 Be7 10. 0-0 0-0 11. Nfd2 Ncb6 12. f4 f6 13. c3 Bg6 14. Qe1 fxe5 15. fxe5 Bf5 16. Nf3 Nc4 17. Bc1 Bc2 18. Bd1 Bxd1 19. Qxd1 Qb6 20. Kh1 c5 21. dxc5 Nxc5 22. Nxc5 Qxc5 23. Qd4 Qc7 24. Re1 Rf5 25. b3 Bc5 26. Qg4 Nxe5 27. Nxe5 Qxe5 28. Ba3 Qd6 29. b4 Bf2 30. b5 Bxe1 31. Qxf5 exf5 32. Bxd6 Bxc3 33. Rd1 Re8 34. Kg1 Re1+ 35. Rxe1 Bxe1 36. Kf1 Bc3 37. Ke2 Kf7 38. Kd3 Be1 39. Kd4 Ke6 40. Bf4 Bf2+ 41. Kd3 Kd7 42. g3 g6 43. h4 Bc5 44. Kc3 Bd6 45. Bg5 Bxg3 46. Kd4 Ke6 47. Bd8 Bf2+ 48. Kd3 Be1 49. Kd4 f4 50. Bg5 Bf2+ 51. Kd3 Kf5 52. Ke2 Bc5 53. Kf3 Bd6 54. Bd8 Bb4 55. Bg5 Bd2 56. Ke2 Be3 57. Kf3 b6 58. Bd8 h6 59. h5 g5 60. Kg2 Kg4 61. Bc7 Kxh5 62. Kf3 g4+ 63. Kg2 Kg5 64. Bd8+ Kf5 65. Bh4 h5 66. Be1 Ke4 67. Kf1 Kf3 68. Bf2 g3 69. Bxe3 Kxe3 70. Kg2 Ke2 71. Kh3 Kf2 72. Kh4 g2 73. Kxh5 g1Q 74. Kh6 Qg8 75. Kh5 Qg7 76. Kh4 Qg6 77. Kh3 Qg3# 0-1

[Event "Lueneburg op-A"]
[Site "Lueneburg"]
[Date "2016.07.05"]
[Round "6"]
[White "Kemeny, Matthias"]
[Black "Persson, Andreas"]
[Result "0-1"]
[WhiteElo "1980"]
[BlackElo "2181"]
[PlyCount "76"]
[EventDate "2016.07.01"]
[EventType "swiss"]
[EventRounds "9"]
[EventCountry "GER"]
[SourceTitle "CBM 173 Extra"]
[Source "ChessBase"]
[SourceDate "2016.08.29"]
[SourceVersion "1"]
[SourceVersionDate "2016.08.29"]
[SourceQuality "1"]

1. e4 e5 2. Nf3 Nc6 3. Bb5 a6 4. Ba4 Nf6 5. 0-0 Be7 6. Re1 b5 7. Bb3 0-0 8. a4 b4 9. c3 Rb8 10. d4 d6 11. h3 Na5 12. Bc2 exd4 13. cxd4 c5 14. Bf4 b3 15. Bd3 c4 16. Bf1 Bb7 17. Nc3 Re8 18. d5 Nd7 19. e5 dxe5 20. Nxe5 Nxe5 21. Bxe5 Bd6 22. Qd4 Bxe5 23. Rxe5 Rc8 24. Rae1 Rxe5 25. Qxe5 Qd7 26. g3 Ba8 27. h4 h6 28. Kh2 Qa7 29. Re3 Qc5 30. Bg2 Rd8 31. Be4 Nb7 32. Bb1 Nd6 33. Qe7 Qc8 34. Qe5 Qd7 35. Ne4 Ne8 36. Nc5 Qc8 37. Qe4 Nf6 38. Qxc4 Ng4+ 0-1

[Event "Hamburg St Pauli op-A"]
[Site "Hamburg"]
[Date "2015.07.21"]
[Round "5"]
[White "Wolloner, Thomas"]
[Black "Kemeny, Matthias"]
[Result "1-0"]
[WhiteElo "2148"]
[BlackElo "1973"]
[PlyCount "45"]
[EventDate "2015.07.18"]
[EventType "swiss"]
[EventRounds "9"]
[EventCountry "GER"]
[SourceTitle "EXT 2016"]
[Source "ChessBase"]
[SourceDate "2015.10.08"]
[SourceVersion "1"]
[SourceVersionDate "2015.10.08"]
[SourceQuality "1"]

1. Nf3 Nf6 2. c4 g6 3. Nc3 d5 4. cxd5 Nxd5 5. e4 Nxc3 6. dxc3 Qxd1+ 7. Kxd1 Nc6 8. Kc2 Bg4 9. Bc4 Bg7 10. h3 Bd7 11. Rd1 Rd8 12. Bf4 e5 13. Bg5 f6 14. Be3 b6 15. b4 Ne7 16. a4 Nc8 17. Nd2 Nd6 18. Bd5 c6 19. Bb3 Bc8 20. Nc4 Bf8 21. f4 b5 22. axb5 cxb5 23. Na5 1-0

[Event "Schleswig Holstein-ch Seniors"]
[Site "Hanerau"]
[Date "2015.04.01"]
[Round "6"]
[White "Kemeny, Matthias"]
[Black "Hamann, Frank"]
[Result "0-1"]
[WhiteElo "1962"]
[BlackElo "2118"]
[PlyCount "76"]
[EventDate "2015.03.28"]
[EventType "swiss"]
[EventRounds "9"]
[EventCountry "GER"]
[SourceTitle "EXT 2018"]
[Source "ChessBase"]
[SourceDate "2017.10.13"]
[SourceVersion "1"]
[SourceVersionDate "2017.10.13"]
[SourceQuality "1"]

1. e4 d5 2. exd5 Nf6 3. d4 Bg4 4. Be2 Bxe2 5. Qxe2 Qxd5 6. Nf3 e6 7. 0-0 Nc6 8. Nc3 Qh5 9. Bf4 0-0-0 10. Rad1 Qf5 11. Bg3 g5 12. Nb5 Nd5 13. c4 Nf4 14. Bxf4 gxf4 15. d5 Nb4 16. a3 Na6 17. Nxa7+ Kb8 18. Nd4 Qg5 19. Nab5 Rg8 20. g3 e5 21. Nf3 Qg4 22. Kg2 Re8 23. Ng1 Qf5 24. b4 h5 25. f3 Bh6 26. Qf2 fxg3 27. Qa7+ Kc8 28. hxg3 Bf4 29. Ne2 Bxg3 30. Nxg3 Qf4 31. Rf2 Rxg3+ 32. Kf1 Qxc4+ 33. Ke1 Rg1+ 34. Kd2 Qxd5+ 35. Kc3 Rxd1 36. a4 Qd3+ 37. Kb2 Rb1+ 38. Ka2 Nxb4# 0-1

[Event "Schleswig Holstein-ch Seniors"]
[Site "Hanerau"]
[Date "2015.03.31"]
[Round "5"]
[White "Meyer, Juergen"]
[Black "Kemeny, Matthias"]
[Result "0-1"]
[WhiteElo "1972"]
[BlackElo "1962"]
[PlyCount "80"]
[EventDate "2015.03.28"]
[EventType "swiss"]
[EventRounds "9"]
[EventCountry "GER"]
[SourceTitle "EXT 2018"]
[Source "ChessBase"]
[SourceDate "2017.10.13"]
[SourceVersion "1"]
[SourceVersionDate "2017.10.13"]
[SourceQuality "1"]

1. e4 c6 2. d4 d5 3. exd5 cxd5 4. Bd3 Nc6 5. c3 Nf6 6. Bf4 Bg4 7. Qb3 Qc8 8. Nd2 e6 9. Ngf3 Be7 10. 0-0 0-0 11. Rae1 Bh5 12. Bg5 Bg6 13. Bxg6 hxg6 14. Ne5 Qc7 15. f4 Ne8 16. Bxe7 Nxe7 17. Re3 Nd6 18. Rh3 b5 19. Qd1 Rfc8 20. g4 Nc6 21. Qe1 Qd8 22. Ndf3 Nxe5 23. dxe5 Ne4 24. g5 b4 25. Nd2 Nxd2 26. Qxd2 bxc3 27. bxc3 Qb6+ 28. Kh1 Rab8 29. Qe1 Qc6 30. Qh4 Kf8 31. Qh8+ Ke7 32. Qxg7 Rf8 33. Qf6+ Ke8 34. Rh8 d4+ 35. Kg1 Rb2 36. Rxf8+ Kxf8 37. Qd8+ Kg7 38. Qf6+ Kg8 39. Rf2 Rb1+ 40. Rf1 Rxf1+ 0-1

[Event "Schleswig Holstein-ch Vormeister"]
[Site "Schleswig Holstein"]
[Date "2012.??.??"]
[Round "2"]
[White "Kemeny, Matthias"]
[Black "Hass, Manfred"]
[Result "0-1"]
[WhiteElo "1987"]
[BlackElo "1978"]
[PlyCount "104"]
[EventDate "2012.??.??"]
[EventType "swiss"]
[EventRounds "9"]
[EventCountry "GER"]
[SourceTitle "EXT 2022"]
[Source "ChessBase"]
[SourceDate "2021.10.06"]
[SourceVersion "1"]
[SourceVersionDate "2021.10.06"]
[SourceQuality "1"]

1. e4 c5 2. Nf3 e6 3. d4 cxd4 4. Nxd4 a6 5. a4 Nf6 6. Nc3 Qc7 7. Be2 Bb4 8. Qd3 Bxc3+ 9. bxc3 Nxe4 10. 0-0 d5 11. Bb2 0-0 12. Qe3 e5 13. Nf3 f5 14. Bd3 Nc6 15. Bxe4 dxe4 16. Nd2 Be6 17. Nb3 Rad8 18. Ba3 Rfe8 19. Bc5 Qf7 20. Bb6 f4 21. Qxe4 Bd5 22. Qe1 f3 23. Qe3 Rd6 24. Rfd1 Qg6 25. g3 Qh5 26. Nd2 Rf6 27. h4 Qg4 28. Qe1 e4 29. Be3 Ne5 30. Qf1 Qe6 31. Bd4 Rg6 32. Bxe5 Qxe5 33. Qh3 Be6 34. Qh2 Bd5 35. Nf1 Bc6 36. Rd4 Rd6 37. g4 Rxd4 38. Qxe5 Rxe5 39. cxd4 Ra5 40. Nd2 Rxa4 41. Rxa4 Bxa4 42. c4 Bc2 43. c5 a5 44. d5 Kf8 45. d6 Ke8 46. Nc4 a4 47. Na3 Bd3 48. g5 Kd7 49. h5 Kc6 50. h6 g6 51. Kh2 e3 52. fxe3 f2 0-1

[Event "Schleswig Holstein-ch Vormeister"]
[Site "Schleswig Holstein"]
[Date "2012.??.??"]
[Round "6"]
[White "Kemeny, Matthias"]
[Black "Lehr, Thomas"]
[Result "1-0"]
[WhiteElo "1987"]
[BlackElo "1992"]
[PlyCount "31"]
[EventDate "2012.??.??"]
[EventType "swiss"]
[EventRounds "9"]
[EventCountry "GER"]
[SourceTitle "EXT 2022"]
[Source "ChessBase"]
[SourceDate "2021.10.06"]
[SourceVersion "1"]
[SourceVersionDate "2021.10.06"]
[SourceQuality "1"]

1. e4 Nf6 2. e5 Nd5 3. d4 d6 4. Nf3 Bg4 5. Be2 e6 6. c4 Nb6 7. Nc3 dxe5 8. Nxe5 Bxe2 9. Qxe2 Qxd4 10. Nb5 Bb4+ 11. Kf1 Qd8 12. Bg5 Qc8 13. Qg4 N8d7 14. Nd3 Bd6 15. Be3 g6 16. c5 1-0

[Event "Harburg-chB 9th"]
[Site "Hamburg"]
[Date "2011.08.20"]
[Round "3"]
[White "Kemeny, Matthias"]
[Black "Kurth, Michael"]
[Result "0-1"]
[WhiteElo "2038"]
[BlackElo "2035"]
[PlyCount "118"]
[EventDate "2011.08.19"]
[EventType "tourn"]
[EventRounds "5"]
[EventCountry "GER"]
[SourceTitle "EXT 2012"]
[Source "ChessBase"]
[SourceDate "2011.11.24"]
[SourceVersion "1"]
[SourceVersionDate "2011.11.24"]
[SourceQuality "1"]

1. e4 c5 2. Nf3 Nc6 3. d4 cxd4 4. Nxd4 Qb6 5. Nb3 e6 6. Be3 Qc7 7. Be2 Nf6 8. Nc3 Bb4 9. Bd3 0-0 10. 0-0 Bxc3 11. bxc3 d5 12. exd5 Nxd5 13. Bd2 Nce7 14. Qf3 Ng6 15. Bxg6 hxg6 16. Rfe1 Bd7 17. Nd4 Rac8 18. Re4 Nxc3 19. Rh4 e5 20. Nb3 e4 21. Qe3 f5 22. Qg5 Qd6 23. Rh3 Ne2+ 24. Kh1 f4 25. Rh4 Rf5 26. Qg4 Rh5 27. Qxe2 Rxh4 28. Qxe4 Bc6 29. Qe1 Re8 30. Qf1 Qd5 31. f3 Bb5 32. Qf2 Qh5 33. h3 Re2 34. Be1 Rxf2 35. Bxf2 g5 36. Bxh4 gxh4 37. Re1 Qd5 38. Rc1 Bc4 39. Kh2 a5 40. Ra1 a4 41. Nc1 Qb5 42. Nd3 Bxd3 43. cxd3 Qxd3 44. Rc1 b5 45. Rc8+ Kh7 46. Rc5 g6 47. Rc7+ Kh6 48. Rb7 Qd5 49. Rb8 Qxa2 50. Rxb5 a3 51. Ra5 Qb2 52. Ra4 a2 53. Ra7 a1Q 54. Rh7+ Kg5 55. Rh5+ Kf6 56. Rf5+ Kg7 57. Rf7+ Kg8 58. Rf8+ Kh7 59. Rf7+ Qg7 0-1

[Event "Hamburg St Pauli op-A"]
[Site "Hamburg"]
[Date "2011.07.17"]
[Round "9"]
[White "Kemeny, Matthias"]
[Black "Groetzbach, Daniel"]
[Result "1-0"]
[WhiteElo "2038"]
[BlackElo "1807"]
[PlyCount "71"]
[EventDate "2011.07.09"]
[EventType "swiss"]
[EventRounds "9"]
[EventCountry "GER"]
[SourceTitle "CBM 143 Extra"]
[Source "ChessBase"]
[SourceDate "2011.08.29"]
[SourceVersion "1"]
[SourceVersionDate "2011.08.29"]
[SourceQuality "1"]

1. e4 c5 2. Nf3 d6 3. d4 cxd4 4. Nxd4 Nf6 5. Nc3 a6 6. f4 e5 7. Nf3 Nbd7 8. Bd3 Be7 9. 0-0 0-0 10. a4 b6 11. Qe2 Re8 12. Bc4 Nc5 13. Ng5 Rf8 14. Nd5 h6 15. fxe5 dxe5 16. Nxf6+ Bxf6 17. Bd5 Bb7 18. Bxb7 Nxb7 19. Nf3 Qc7 20. b3 Rac8 21. Qxa6 Nd6 22. Ba3 Rfd8 23. Bxd6 Rxd6 24. c4 Rd3 25. Qb5 Rcd8 26. b4 Rc3 27. Rac1 Rdd3 28. a5 bxa5 29. bxa5 Ra3 30. a6 Qa7+ 31. Kh1 Qxa6 32. Qe8+ Kh7 33. Qxf7 Qd6 34. c5 Qc6 35. Nxe5 Qxe4 36. Nxd3 1-0

[Event "Hamburg St Pauli op-A"]
[Site "Hamburg"]
[Date "2011.07.14"]
[Round "7"]
[White "Tscherepanov, Leon"]
[Black "Kemeny, Matthias"]
[Result "0-1"]
[WhiteElo "1841"]
[BlackElo "2038"]
[PlyCount "133"]
[EventDate "2011.07.09"]
[EventType "swiss"]
[EventRounds "9"]
[EventCountry "GER"]
[SourceTitle "CBM 143 Extra"]
[Source "ChessBase"]
[SourceDate "2011.08.29"]
[SourceVersion "1"]
[SourceVersionDate "2011.08.29"]
[SourceQuality "1"]

1. c4 Nf6 2. Nc3 d5 3. d4 g6 4. cxd5 Nxd5 5. e4 Nxc3 6. bxc3 Bg7 7. Bc4 c5 8. Ne2 0-0 9. Be3 Nc6 10. h3 cxd4 11. cxd4 Na5 12. Bd3 Be6 13. 0-0 Bc4 14. Qd2 b5 15. Rac1 Rc8 16. Rc2 Bxd3 17. Rxc8 Qxc8 18. Qxd3 Nc4 19. Rc1 Qd7 20. Qb3 Nxe3 21. Qxe3 Rd8 22. d5 Be5 23. Qc5 a6 24. Qc6 Qa7 25. Qc5 Qb7 26. Qc6 Qa8 27. Rc2 b4 28. f4 Qa7+ 29. Qc5 Bb8 30. Kf1 Qxc5 31. Rxc5 Kg7 32. Ke1 Rd7 33. g3 Bc7 34. Rc6 a5 35. Ra6 Bd8 36. Nc1 Rc7 37. Rc6 Rxc6 38. dxc6 e6 39. e5 Kf8 40. Nb3 Ke7 41. Nd4 Bb6 42. Nb5 h5 43. Ke2 Bc5 44. Kd3 Bf2 45. g4 Bg3 46. Ke4 a4 47. Kf3 Be1 48. Ke2 Bg3 49. Kf3 Bh2 50. Ke4 a3 51. Nd4 Bg1 52. Nb3 Kd8 53. gxh5 gxh5 54. f5 Kc7 55. fxe6 fxe6 56. Kd3 Bf2 57. Kc4 Kxc6 58. Kxb4 Kd5 59. Kxa3 Kxe5 60. Kb4 Kf4 61. Nc1 Ba7 62. Kc4 Kg3 63. Ne2+ Kxh3 64. Nf4+ Kg4 65. Nxe6 h4 66. Ng5 Kxg5 67. Kd3 0-1

[Event "Hamburg St Pauli op-A"]
[Site "Hamburg"]
[Date "2011.07.11"]
[Round "3"]
[White "Borgmeyer, Max"]
[Black "Kemeny, Matthias"]
[Result "1-0"]
[WhiteElo "2140"]
[BlackElo "2038"]
[PlyCount "73"]
[EventDate "2011.07.09"]
[EventType "swiss"]
[EventRounds "9"]
[EventCountry "GER"]
[SourceTitle "CBM 143 Extra"]
[Source "ChessBase"]
[SourceDate "2011.08.29"]
[SourceVersion "1"]
[SourceVersionDate "2011.08.29"]
[SourceQuality "1"]

1. e4 c6 2. d4 d5 3. exd5 cxd5 4. Bd3 Nc6 5. c3 Nf6 6. Bf4 Bg4 7. Qb3 Qc8 8. Nd2 e6 9. Ngf3 Be7 10. 0-0 0-0 11. h3 Bh5 12. Ne5 Nxe5 13. Bxe5 Bg6 14. Bxg6 hxg6 15. Rfe1 Qc6 16. Bh2 Bd6 17. Bxd6 Qxd6 18. Nf3 b6 19. Ne5 Ne4 20. a4 Qc7 21. Qc2 a6 22. Qd3 Nd6 23. h4 b5 24. Qf3 Ne4 25. h5 gxh5 26. Qxh5 g6 27. Qh6 Qe7 28. f4 Rfc8 29. Re3 Qf8 30. Qh4 Qd8 31. Qh2 Kg7 32. Rh3 Nf6 33. g4 Qc7 34. Kg2 Rh8 35. Rh1 Rxh3 36. Qxh3 bxa4 37. Qh6+ 1-0

[Event "Harburg-chB 8th"]
[Site "Hamburg"]
[Date "2010.08.22"]
[Round "5"]
[White "Juergens, Bernhard"]
[Black "Kemeny, Matthias"]
[Result "1-0"]
[WhiteElo "2119"]
[BlackElo "2044"]
[PlyCount "59"]
[EventDate "2010.08.20"]
[EventType "tourn"]
[EventRounds "5"]
[EventCountry "GER"]
[SourceTitle "EXT 2012"]
[Source "ChessBase"]
[SourceDate "2011.11.24"]
[SourceVersion "1"]
[SourceVersionDate "2011.11.24"]
[SourceQuality "1"]

1. Nf3 d5 2. g3 c5 3. Bg2 Nf6 4. 0-0 Nc6 5. d3 e6 6. Nbd2 Be7 7. e4 0-0 8. e5 Nd7 9. Re1 Qc7 10. Qe2 Re8 11. Nf1 h6 12. h4 b5 13. Bf4 Rb8 14. Ne3 Bb7 15. Ng4 Bf8 16. Qd2 c4 17. d4 c3 18. Qxc3 Bb4 19. Qe3 Bxe1 20. Rxe1 Rbc8 21. Bxh6 gxh6 22. Qxh6 f6 23. exf6 Nf8 24. Ng5 Nd8 25. f7+ Qxf7 26. Nxf7 Kxf7 27. Qf6+ Kg8 28. Re5 Nf7 29. Nh6+ Nxh6 30. Rg5+ 1-0

[Event "Schleswig Holstein-ch Vormeister"]
[Site "Buesum"]
[Date "2010.03.31"]
[Round "6.3"]
[White "Kemeny, Matthias"]
[Black "Ruiz Hampel, Enrique"]
[Result "1-0"]
[WhiteElo "2017"]
[BlackElo "2020"]
[PlyCount "81"]
[EventDate "2010.03.27"]
[EventType "swiss"]
[EventRounds "9"]
[EventCountry "GER"]
[SourceTitle "EXT 2022"]
[Source "ChessBase"]
[SourceDate "2021.10.06"]
[SourceVersion "1"]
[SourceVersionDate "2021.10.06"]
[SourceQuality "1"]

1. e4 e6 2. d4 d5 3. e5 c5 4. c3 Qb6 5. Nf3 Nc6 6. a3 cxd4 7. cxd4 Nge7 8. b4 Nf5 9. Be3 Nxe3 10. fxe3 Bd7 11. Bd3 Be7 12. 0-0 Nd8 13. Nc3 0-0 14. Kh1 f5 15. exf6 gxf6 16. e4 dxe4 17. Bxe4 Rf7 18. d5 Rg7 19. dxe6 Bxe6 20. Nd5 Bxd5 21. Bxd5+ Kh8 22. Nd4 Rg5 23. Nf5 Bd6 24. Qe2 Be5 25. Rad1 Ne6 26. h4 Rg6 27. Qe4 Rb8 28. g4 Ng7 29. Ne7 Rh6 30. g5 fxg5 31. Qxe5 Rxh4+ 32. Kg2 Re8 33. Rf6 Rg4+ 34. Kh3 Rh4+ 35. Kg2 Rg4+ 36. Kf3 Rg3+ 37. Kxg3 Nh5+ 38. Kg2 Nxf6 39. Rf1 Rf8 40. Qf5 Qd6 41. Qxg5 1-0